000 00579cam a22002052 4500
001 0000004992
005 20151217154351.0
008 070604s xx 000 0 eng d
020 _a812970787X :
040 _aKABU
_cKABU
050 0 _aT58.5
_b.I85
110 2 _aITL Education Solutions.
_@0000156044
245 1 0 _aIntroduction to information technology. :
260 _aDelhi :
_bPearson Educ.,
_c2005.
300 _axviii, 648 p.
650 0 _aInformation technology.
_@0000150287
908 _a070604
950 _@1
999 _c10819
_d10819